Normal view
MARC view
Entry Topical Term
001 - CONTROL NUMBER
- control field: 1516
003 - CONTROL NUMBER IDENTIFIER
- control field: ARRUPE
005 - DATE AND TIME OF LATEST TRANSACTION
- control field: 20130926165642.0
008 - FIXED-LENGTH DATA ELEMENTS
- fixed length control field: 130926|| aca||aabn | a|a d
040 ## - CATALOGING SOURCE
- Original cataloging agency: ARRUPE
- Transcribing agency: ARRUPE
150 ## - HEADING--TOPICAL TERM
- Topical term or geographic name as entry element: Initiation rites
- General subdivision: Religious aspects
- General subdivision: Christianity
- General subdivision: History of doctrines.
670 ## - SOURCE DATA FOUND
- Source citation: Work cat.: (ARRUPE)0: Johnson, Maxwell E., 1952- 1515, The rites of Christian initiation :, c2007.